Thường thức về các bệnh thần kinh
Gardado en:
| Autor Principal: | |
|---|---|
| Formato: | Libro |
| Idioma: | Undetermined |
| Publicado: |
Hà Nội
Y học
1985
|
| Những chủ đề: | |
| Các nhãn: |
Engadir etiqueta
Sen Etiquetas, Sexa o primeiro en etiquetar este rexistro!
|
| Thư viện lưu trữ: | Trung tâm Học liệu Trường Đại học Cần Thơ |
|---|
| LEADER | 00545nam a2200181Ia 4500 | ||
|---|---|---|---|
| 001 | CTU_8198 | ||
| 008 | 210402s9999 xx 000 0 und d | ||
| 082 | |a 616.8 | ||
| 082 | |b Ch561 | ||
| 100 | |a Nguyễn Chương | ||
| 245 | 0 | |a Thường thức về các bệnh thần kinh | |
| 245 | 0 | |c Nguyễn Chương | |
| 260 | |a Hà Nội | ||
| 260 | |b Y học | ||
| 260 | |c 1985 | ||
| 650 | |a nervous systems - diseases | ||
| 904 | |i Nguyễn Quang Điền, 960601 | ||
| 980 | |a Trung tâm Học liệu Trường Đại học Cần Thơ | ||